[Event "XXVII C.to Italiano a squadre A2"]
[Site "ITA"]
[Date "1995.??.??"]
[Round "?"]
[White "Di Donna, Massimo"]
[Black "Corso, Sergio"]
[Result "1/2-1/2"]
[WhiteElo "2230"]
[BlackElo "2089"]
[PlyCount "117"]
[EventDate "1995.??.??"]

1. d3 g6 2. g3 Bg7 3. Bg2 e5 4. e4 Ne7 5. Ne2 O-O 6. O-O d5 7. c3 dxe4 8. dxe4
Qxd1 9. Rxd1 a5 10. Be3 Nec6 11. Na3 Re8 12. Nc1 Na6 13. Nd3 Bf8 14. Nc2 f6 15.
f3 Nd8 16. Bf2 Be6 17. Bf1 b6 18. Ne3 Nb7 19. b3 Red8 20. Nb2 Nd6 21. Nd5 Bxd5
22. exd5 Nb7 23. a3 Bc5 24. b4 Bxf2+ 25. Kxf2 Nd6 26. Nc4 Kf8 27. bxa5 Nxc4 28.
Bxc4 bxa5 29. Bxa6 Rxa6 30. Rab1 Rad6 31. c4 c6 32. dxc6 Rxd1 33. Rxd1 Rc8 34.
Rd6 Ke7 35. c5 Rd8 36. c7 Rc8 37. Ra6 Rxc7 38. Rxa5 Ke6 39. Ra6+ Kd5 40. Rxf6
Kxc5 41. Ra6 Kd4 42. Ra4+ Kd3 43. g4 Rc2+ 44. Kg3 Rc3 45. h4 h5 46. Re4 hxg4
47. Kxg4 Rxa3 48. Rxe5 Ra1 49. Re6 Rg1+ 50. Kf4 Rg2 51. Rd6+ Ke2 52. Ra6 Kd3
53. Re6 Rg1 54. Re5 Rh1 55. Kg5 Rg1+ 56. Kh6 Rg3 57. Re6 Kd4 58. Rxg6 Rxf3 59.
Re6 1/2-1/2

[Event "XXVII C.to Italiano a squadre A2"]
[Site "ITA"]
[Date "1995.??.??"]
[Round "?"]
[White "Di Donna, Massimo"]
[Black "Natalucci, Fabrizio"]
[Result "1-0"]
[WhiteElo "2230"]
[BlackElo "2235"]
[PlyCount "109"]
[EventDate "1995.??.??"]

1. d3 g6 2. f4 Bg7 3. Nf3 c5 4. g3 Nc6 5. Bg2 e6 6. O-O Nge7 7. e4 O-O 8. c3 d5
9. Na3 Rb8 10. Nc2 b6 11. Be3 Ba6 12. Re1 Qd7 13. e5 Rfc8 14. Bf2 Rc7 15. d4
Na5 16. Nd2 Rbc8 17. g4 Bd3 18. Nb3 c4 19. Nc1 Bxc2 20. Qxc2 b5 21. Ne2 Nac6
22. Ng3 Kh8 23. Kh1 Rg8 24. Bh3 Bh6 25. f5 b4 26. Be3 Bxe3 27. Rxe3 exf5 28.
gxf5 bxc3 29. bxc3 Nd8 30. Rf1 Qe8 31. fxg6 hxg6 32. Qf2 Rg7 33. Bg2 Ne6 34.
Ne2 Ng8 35. Rh3+ Rh7 36. Rxh7+ Kxh7 37. Bxd5 Kg7 38. Bg2 Nh6 39. Qh4 Nf5 40.
Qf6+ Kg8 41. Rf3 Qe7 42. Qxe7 Rxe7 43. Rf1 Ng5 44. Rb1 f6 45. Nf4 fxe5 46. Nxg6
Rh7 47. Nxe5 Ng3+ 48. Kg1 Ne2+ 49. Kf2 Rxh2 50. Rb8+ Kg7 51. Rb7+ Kf8 52. Rb8+
Ke7 53. Rb7+ Kd8 54. Nc6+ Ke8 55. Re7+ 1-0

[Event "XXVII C.to Italiano a squadre A2"]
[Site "ITA"]
[Date "1995.??.??"]
[Round "?"]
[White "Di Donna, Massimo"]
[Black "Nurkic, Sahbaz"]
[Result "0-1"]
[WhiteElo "2230"]
[BlackElo "2450"]
[PlyCount "74"]
[EventDate "1995.??.??"]

1. d3 d5 2. c3 e5 3. Nf3 Nc6 4. Nbd2 f5 5. Qa4 e4 6. Ne5 Qf6 7. d4 Bd6 8. Nxc6
Bd7 9. e3 bxc6 10. g3 Nh6 11. c4 c5 12. Qa5 cxd4 13. Qxd5 Rd8 14. Qxd4 Be5 15.
Qc5 Bxb2 16. Bxb2 Qxb2 17. Qd4 Qxd4 18. exd4 Ba4 19. Nb3 Bxb3 20. axb3 Rxd4 21.
Rxa7 Kd7 22. b4 Ng4 23. Be2 Ne5 24. O-O Rd2 25. Re1 Nc6 26. Ra4 Rb8 27. b5 Nd4
28. Kf1 Kd6 29. Rd1 Rxd1+ 30. Bxd1 Kc5 31. Be2 g5 32. Bh5 f4 33. Ra7 Kxc4 34.
Rxc7+ Kd3 35. gxf4 gxf4 36. Rd7 f3 37. Rd5 Ra8 0-1

[Event "XXVII C.to Italiano a squadre A2"]
[Site "ITA"]
[Date "1995.??.??"]
[Round "?"]
[White "Djuric, Stefan"]
[Black "Colombo, Paolo"]
[Result "1-0"]
[WhiteElo "2460"]
[BlackElo "2195"]
[PlyCount "33"]
[EventDate "1995.??.??"]

1. e4 c6 2. d4 d5 3. Nc3 dxe4 4. Nxe4 Nd7 5. Bc4 Ngf6 6. Nxf6+ Nxf6 7. c3 e6 8.
Nf3 Be7 9. O-O b6 10. Ne5 Bb7 11. Qf3 Rc8 12. Re1 O-O 13. Bd3 Qd5 14. Qh3 g6
15. Bh6 Rfe8 16. Bc4 Qd6 17. Nxf7 1-0

[Event "XXVII C.to Italiano a squadre A2"]
[Site "ITA"]
[Date "1995.??.??"]
[Round "?"]
[White "Efimov, Igor"]
[Black "Cassai, Paolo"]
[Result "1-0"]
[WhiteElo "2460"]
[BlackElo "2245"]
[PlyCount "59"]
[EventDate "1995.??.??"]

1. e4 d6 2. d4 Nf6 3. f3 e5 4. dxe5 dxe5 5. Qxd8+ Kxd8 6. Bc4 Be6 7. Bxe6 fxe6
8. Nh3 Bb4+ 9. Ke2 Ke7 10. Nf2 Nc6 11. c3 Bd6 12. g4 Kf7 13. Be3 h5 14. Nd2 h4
15. Rad1 Be7 16. a4 a5 17. Nc4 Rhd8 18. Rxd8 Rxd8 19. Nd3 Nd7 20. f4 g5 21.
fxg5 Kg6 22. h3 Bxg5 23. Bxg5 Kxg5 24. Nd2 Nf6 25. Nf3+ Kg6 26. Nxh4+ Kg7 27.
Nf2 Rb8 28. Rd1 b5 29. g5 Nh5 30. Rd7+ 1-0

[Event "XXVII C.to Italiano a squadre A2"]
[Site "ITA"]
[Date "1995.??.??"]
[Round "?"]
[White "Efimov, Igor"]
[Black "Emodi, Gyula"]
[Result "1/2-1/2"]
[WhiteElo "2460"]
[BlackElo "2410"]
[PlyCount "81"]
[EventDate "1995.??.??"]

1. d4 Nf6 2. Nf3 g6 3. g3 Bg7 4. Bg2 O-O 5. O-O d6 6. Re1 Nbd7 7. e4 e5 8. Nc3
c6 9. a4 Qc7 10. b3 Re8 11. Bb2 b6 12. Qd2 Bb7 13. Rad1 a6 14. Ba3 Bf8 15. dxe5
dxe5 16. Bd6 Bxd6 17. Qxd6 Qxd6 18. Rxd6 Kg7 19. Bh3 Re7 20. Bxd7 Nxd7 21. Red1
Nf8 22. a5 b5 23. Ne1 Ne6 24. Nd3 Nd4 25. Nxe5 c5 26. Nd3 Rc8 27. Rb6 Rd7 28.
Ne5 Rdc7 29. Nd3 Rd7 30. Kf1 Nxc2 31. Nxc5 Rxd1+ 32. Nxd1 Rxc5 33. Rxb7 b4 34.
Nb2 Rxa5 35. Nc4 Ra1+ 36. Kg2 Ne1+ 37. Kh3 Nd3 38. Nd6 Kf6 39. f4 Nf2+ 40. Kg2
Ra2 41. Kf3 1/2-1/2

[Event "XXVII C.to Italiano a squadre A2"]
[Site "ITA"]
[Date "1995.??.??"]
[Round "?"]
[White "Efimov, Igor"]
[Black "Laketic, Gojko"]
[Result "1-0"]
[WhiteElo "2460"]
[BlackElo "2390"]
[PlyCount "137"]
[EventDate "1995.??.??"]

1. e4 Nf6 2. e5 Nd5 3. d4 d6 4. Nf3 Nb6 5. Be2 g6 6. O-O Bg7 7. Re1 O-O 8. Bf1
Nc6 9. exd6 cxd6 10. h3 e5 11. Nc3 Bf5 12. Bg5 f6 13. Be3 Re8 14. a4 Nb4 15. a5
N6d5 16. Nxd5 Nxd5 17. Bd2 Qc7 18. c4 Ne7 19. d5 g5 20. Ra3 Ng6 21. b4 Bf8 22.
Qa1 g4 23. hxg4 Bxg4 24. Rc1 Kh8 25. c5 Qf7 26. Qa2 Rac8 27. Nh2 Bf5 28. a6
bxa6 29. c6 Be4 30. Bc4 Ne7 31. Rxa6 Qg8 32. f3 Bxd5 33. Bxd5 Qxd5 34. Qxd5
Nxd5 35. Rxa7 Rc7 36. Rb7 Kg8 37. Ng4 Rxb7 38. cxb7 Rb8 39. Rc8 Rxb7 40. Bh6
Rf7 41. b5 f5 42. Bxf8 Rxf8 43. Nh6+ Kg7 44. Rxf8 Kxf8 45. Nxf5 Nb6 46. Nxd6
Ke7 47. Ne4 Ke6 48. Kf2 Kd5 49. Nf6+ Kc5 50. Ke3 h6 51. Ke4 Nc4 52. Ng4 Nd2+
53. Kxe5 h5 54. Nf6 Nc4+ 55. Kf4 h4 56. Kg4 Ne3+ 57. Kh3 Kxb5 58. Ng4 Nf5 59.
Ne5 Kc5 60. Ng6 Kd5 61. Nxh4 Ne3 62. g4 Ke5 63. Ng2 Nd5 64. Kh4 Kf6 65. f4 Kg6
66. f5+ Kf6 67. Kh5 Nc3 68. Kh6 Ne4 69. Ne3 1-0

[Event "XXVII C.to Italiano a squadre A2"]
[Site "ITA"]
[Date "1995.??.??"]
[Round "?"]
[White "Evangelisti, Claudio R."]
[Black "Cecconi, Giovanni Alberto"]
[Result "1-0"]
[WhiteElo "2265"]
[BlackElo "2235"]
[PlyCount "57"]
[EventDate "1995.??.??"]

1. d4 Nf6 2. Nf3 e6 3. c4 c5 4. e3 d5 5. Nc3 Nc6 6. a3 cxd4 7. exd4 Be7 8. Bd3
O-O 9. O-O a6 10. c5 Nd7 11. Na4 Bf6 12. Re1 g6 13. Bf1 Re8 14. g3 b6 15. cxb6
Nxb6 16. Nc5 Qe7 17. Be3 Nd7 18. Rc1 Nxc5 19. Rxc5 Bd7 20. b4 Qd8 21. Qc2 Ne7
22. Qc3 Nf5 23. Bf4 Qb6 24. Ne5 Ba4 25. g4 Nd6 26. Qf3 Ra7 27. Bh6 Bh8 28. Rec1
Ne4 29. Rc8 1-0

[Event "XXVII C.to Italiano a squadre A2"]
[Site "ITA"]
[Date "1995.??.??"]
[Round "?"]
[White "Evangelisti, Claudio R."]
[Black "Gallitto, Salvatore"]
[Result "1-0"]
[WhiteElo "2265"]
[BlackElo "1809"]
[PlyCount "115"]
[EventDate "1995.??.??"]

1. d4 Nf6 2. Nf3 c5 3. e3 d5 4. c4 e6 5. Nc3 Nc6 6. a3 cxd4 7. exd4 h6 8. c5
Be7 9. Bd3 O-O 10. O-O Ne8 11. Bc2 f5 12. b4 a6 13. Ne5 Nxe5 14. dxe5 g5 15.
Ne2 Qc7 16. Bb2 b6 17. cxb6 Qxb6 18. Bd4 Qb8 19. Bd3 Bd8 20. Rc1 Bd7 21. Nc3
Ng7 22. Na4 Bc7 23. Nc5 Bc8 24. Qe2 Bb6 25. Rc3 f4 26. Bb1 Qa7 27. Rh3 Nf5 28.
Bxf5 Rxf5 29. Qh5 Qg7 30. Qxh6 Bxc5 31. Qxg7+ Kxg7 32. Bxc5 Bd7 33. Rc1 Bb5 34.
Bd6 Bc4 35. Rhc3 Ra7 36. f3 Kg6 37. Kf2 Rh7 38. h3 Rb7 39. a4 Rff7 40. Rxc4
dxc4 41. Rxc4 Kf5 42. Ke2 Kg6 43. Kd3 Kh5 44. Rc6 Ra7 45. Bc5 Rac7 46. Rxa6
Rxc5 47. bxc5 Rc7 48. c6 Kh4 49. Kc4 Kg3 50. Kc5 Kxg2 51. Kd6 Rc8 52. c7 Kxf3
53. Rb6 Kg3 54. Rb3+ f3 55. Kd7 Rh8 56. c8=Q Rxc8 57. Kxc8 Kg2 58. Rxf3 1-0

[Event "XXVII C.to Italiano a squadre A2"]
[Site "ITA"]
[Date "1995.??.??"]
[Round "?"]
[White "Evangelisti, Claudio R."]
[Black "Mancini, Giustino"]
[Result "1-0"]
[WhiteElo "2265"]
[BlackElo "1941"]
[PlyCount "103"]
[EventDate "1995.??.??"]

1. d4 d5 2. Nf3 Nf6 3. c4 c6 4. Nc3 e6 5. e3 Nbd7 6. Bd3 dxc4 7. Bxc4 Be7 8.
O-O O-O 9. Qe2 b5 10. Bd3 a6 11. e4 b4 12. e5 bxc3 13. exf6 Bxf6 14. bxc3 Qa5
15. Qe4 g6 16. Qxc6 Rb8 17. Rb1 Rxb1 18. Bxb1 Nb6 19. Bh6 Rd8 20. Ne5 Nd5 21.
c4 Ne7 22. Qe4 Nf5 23. Nc6 Bb7 24. Nxa5 Bxe4 25. Bxe4 Nxh6 26. Nc6 Rd6 27. Rd1
Nf5 28. c5 Rd7 29. Bxf5 gxf5 30. Kf1 Rb7 31. Rd2 Kf8 32. f4 Ke8 33. Ke2 Kd7 34.
Na5 Rb5 35. Nc4 Kc6 36. Nd6 Rb4 37. Nxf7 Kd5 38. Ng5 Rxd4 39. Nxh7 Rxd2+ 40.
Kxd2 Be7 41. Ng5 Bxc5 42. h4 e5 43. h5 Bf8 44. g3 Bg7 45. Nf7 exf4 46. gxf4 Ke6
47. Ng5+ Kf6 48. Kd3 Bh6 49. Nh3 Ke6 50. Kc4 Bf8 51. Ng5+ Kf6 52. Kd5 1-0

[Event "XXVII C.to Italiano a squadre A2"]
[Site "ITA"]
[Date "1995.??.??"]
[Round "?"]
[White "Facchetti, Gianni"]
[Black "Natalucci, Fabrizio"]
[Result "0-1"]
[WhiteElo "2202"]
[BlackElo "2235"]
[PlyCount "96"]
[EventDate "1995.??.??"]

1. e4 Nf6 2. d3 d5 3. Nd2 c5 4. Be2 Nc6 5. Ngf3 Qc7 6. c3 e6 7. Qc2 Bd6 8. Nf1
Bd7 9. Bg5 dxe4 10. dxe4 Ne5 11. Nxe5 Bxe5 12. g3 Bc6 13. f3 O-O-O 14. Be3 Rd7
15. Rd1 Rxd1+ 16. Bxd1 Qa5 17. a3 Rd8 18. Nd2 Qc7 19. Nc4 Bd6 20. Nxd6+ Qxd6
21. Be2 b6 22. O-O Kb7 23. a4 a5 24. Rd1 Qe7 25. Rxd8 Qxd8 26. b3 e5 27. b4
axb4 28. cxb4 cxb4 29. Qc4 Nd7 30. Qxb4 Qa8 31. Bb5 Qa5 32. Qb3 f6 33. Kg2 Kc7
34. Qc4 Qa8 35. Bd2 Kd6 36. Bb4+ Nc5 37. a5 Qa7 38. Bxc6 Kxc6 39. axb6 Qxb6 40.
Kh3 g6 41. Kh4 f5 42. Qd5+ Kb5 43. Bxc5 Qxc5 44. Qb7+ Kc4 45. exf5 gxf5 46. Kg5
e4 47. Qf7+ Kc3 48. fxe4 fxe4+ 0-1

[Event "XXVII C.to Italiano a squadre A2"]
[Site "ITA"]
[Date "1995.??.??"]
[Round "?"]
[White "Facchetti, Gianni"]
[Black "Sarno, Spartaco"]
[Result "1/2-1/2"]
[WhiteElo "2202"]
[BlackElo "2410"]
[PlyCount "129"]
[EventDate "1995.??.??"]

1. e4 d6 2. d3 g6 3. Be2 Bg7 4. Nf3 Nf6 5. Nbd2 O-O 6. Nf1 c5 7. Ng3 Nc6 8. c3
e5 9. h4 Bg4 10. Nh2 Be6 11. Bg5 d5 12. Qc1 Qb6 13. Bxf6 Bxf6 14. h5 Qd8 15.
hxg6 fxg6 16. Nf3 Qe7 17. exd5 Bxd5 18. Ne4 Rad8 19. Qh6 c4 20. Nxf6+ Rxf6 21.
dxc4 Bxf3 22. Bxf3 e4 23. Be2 e3 24. fxe3 Re6 25. O-O g5 26. Qh5 Rxe3 27. Bf3
Ne5 28. Bd5+ Kh8 29. Kh1 b5 30. Rae1 Rxe1 31. Rxe1 bxc4 32. Bxc4 Qf6 33. Rf1
Qg6 34. Qxg6 hxg6 35. Be6 Rd6 36. Bc8 Rd2 37. Re1 Nd3 38. Re8+ Kg7 39. Re7+ Kh6
40. Rxa7 g4 41. Kh2 Ne1 42. Bb7 Rxb2 43. Kg3 Kh5 44. Ra5+ g5 45. Bd5 Re2 46.
Bf7+ Kh6 47. Ra6+ Kg7 48. Bd5 Rd2 49. Be4 Re2 50. Ra4 Kf6 51. Kxg4 Nxg2 52.
Ra6+ Ke5 53. Ba8 Rc2 54. Kxg5 Rxc3 55. Ra5+ Kd6 56. Bxg2 Rg3+ 57. Kf4 Rxg2 58.
Ke4 Rd2 59. Ke3 Rd5 60. Ra4 Kc6 61. Ke4 Rd1 62. Rb4 Rd2 63. a3 Kc5 64. Rb1 Kc4
65. Rb4+ 1/2-1/2

[Event "XXVII C.to Italiano a squadre A2"]
[Site "ITA"]
[Date "1995.??.??"]
[Round "?"]
[White "Ferrario, Raffaele"]
[Black "Mascellani, Marco"]
[Result "0-1"]
[WhiteElo "1911"]
[BlackElo "1857"]
[PlyCount "68"]
[EventDate "1995.??.??"]

1. e4 c5 2. Nf3 e6 3. d4 cxd4 4. Nxd4 Nc6 5. c4 Nf6 6. Nc3 Bb4 7. Nxc6 bxc6 8.
Bd3 d5 9. exd5 exd5 10. O-O O-O 11. cxd5 cxd5 12. Bg5 Bxc3 13. bxc3 Qd6 14.
Bxf6 Qxf6 15. Qh5 g6 16. Qxd5 Be6 17. Qa5 Rad8 18. Be4 Qf4 19. Bf3 Rd3 20. Rfe1
Rfd8 21. Qxa7 Rxf3 22. gxf3 Qg5+ 23. Kh1 Bd5 24. Re3 Qg4 25. Qc7 Bxf3+ 26. Rxf3
Qxf3+ 27. Kg1 Rd5 28. Qg3 Qf6 29. f4 Rc5 30. Rc1 Rc4 31. Qg5 Qb6+ 32. Kf1 Qe3
33. Re1 Rxf4+ 34. Kg2 Rf2+ 0-1

[Event "XXVII C.to Italiano a squadre A2"]
[Site "ITA"]
[Date "1995.??.??"]
[Round "?"]
[White "Fiore, Mario"]
[Black "Abatino, Maurizio"]
[Result "1-0"]
[WhiteElo "2340"]
[BlackElo "2330"]
[PlyCount "91"]
[EventDate "1995.??.??"]

1. e4 e6 2. d4 d5 3. Nd2 c5 4. exd5 exd5 5. Ngf3 Nc6 6. Bb5 Bd6 7. dxc5 Bxc5 8.
O-O Nge7 9. Nb3 Bd6 10. Re1 O-O 11. Bd3 h6 12. h3 Nb4 13. Bf1 Bf5 14. Nbd4 Bh7
15. c3 Nbc6 16. Bd3 Bxd3 17. Qxd3 Qd7 18. Be3 Rad8 19. Rad1 Bb8 20. Nxc6 bxc6
21. c4 Ng6 22. cxd5 cxd5 23. Qb3 Rfe8 24. Rd4 Ne5 25. Nxe5 Bxe5 26. Rd3 Rb8 27.
Qxd5 Qxd5 28. Rxd5 Bxb2 29. Rb1 Bf6 30. Rxb8 Rxb8 31. Ra5 g5 32. g3 Kg7 33.
Rxa7 Rb1+ 34. Kg2 Ra1 35. Ra6 Rd1 36. a4 Rd5 37. Kf3 Bc3 38. Rc6 Ba5 39. Ke4
Rd8 40. Bd4+ Kh7 41. Rf6 Rd7 42. g4 Be1 43. Kd3 Bd2 44. Kc4 Rb7 45. Rb6 Rc7+
46. Kd3 1-0

[Event "XXVII C.to Italiano a squadre A2"]
[Site "ITA"]
[Date "1995.??.??"]
[Round "?"]
[White "Fiore, Mario"]
[Black "Bottini, Paolo"]
[Result "1-0"]
[WhiteElo "2340"]
[BlackElo "1926"]
[PlyCount "49"]
[EventDate "1995.??.??"]

1. e4 c5 2. Nf3 d6 3. d4 cxd4 4. Nxd4 Nf6 5. Nc3 e6 6. Be3 a6 7. Qd2 Ng4 8. Bg5
Be7 9. Bxe7 Qxe7 10. O-O-O O-O 11. f3 Ne5 12. f4 Ng6 13. h4 Nxh4 14. f5 exf5
15. g3 Ng6 16. exf5 Ne5 17. Nd5 Qd8 18. f6 Re8 19. Bd3 Nxd3+ 20. Qxd3 h6 21.
Rxh6 gxh6 22. Qd2 Re5 23. Qxh6 Qf8 24. Ne7+ Rxe7 25. Qg5+ 1-0

[Event "XXVII C.to Italiano a squadre A2"]
[Site "ITA"]
[Date "1995.??.??"]
[Round "?"]
[White "Fiore, Mario"]
[Black "De Vita, Igor"]
[Result "1/2-1/2"]
[WhiteElo "2340"]
[BlackElo "2140"]
[PlyCount "93"]
[EventDate "1995.??.??"]

1. e4 Nf6 2. e5 Nd5 3. d4 d6 4. Nf3 Bg4 5. Be2 c6 6. O-O Bxf3 7. Bxf3 dxe5 8.
dxe5 e6 9. c4 Ne7 10. Qxd8+ Kxd8 11. Bh5 g6 12. Bg4 Nd7 13. Re1 Kc7 14. Nc3 Nc5
15. Bg5 Nf5 16. Bf6 Rg8 17. Rad1 a5 18. Re2 Re8 19. Ne4 Nxe4 20. Rxe4 Be7 21.
Bxf5 exf5 22. Ree1 Bxf6 23. exf6 Re6 24. Rxe6 fxe6 25. Rc1 Kd7 26. Rd1+ Kc7 27.
Re1 Kd7 28. Rd1+ Ke8 29. f7+ Kxf7 30. Rd7+ Kf6 31. Rxb7 Rd8 32. g3 Rd1+ 33. Kg2
Rc1 34. Ra7 Rc2 35. Rxa5 Rxb2 36. a4 Rb4 37. Rc5 Rxa4 38. Rxc6 g5 39. h3 Ra3
40. c5 Rc3 41. Rc8 Ke5 42. c6 h5 43. Rh8 h4 44. gxh4 gxh4 45. Rxh4 Rxc6 46. Ra4
Kf6 47. Ra8 1/2-1/2

[Event "XXVII C.to Italiano a squadre A2"]
[Site "ITA"]
[Date "1995.??.??"]
[Round "?"]
[White "Fiore, Mario"]
[Black "Pieri, Filippo"]
[Result "0-1"]
[WhiteElo "2340"]
[BlackElo "2230"]
[PlyCount "108"]
[EventDate "1995.??.??"]

1. e4 c5 2. Nf3 d6 3. d4 cxd4 4. Nxd4 Nf6 5. Nc3 g6 6. Be3 Bg7 7. f3 O-O 8. Qd2
Nc6 9. g4 Bxg4 10. fxg4 Nxg4 11. Nb3 d5 12. exd5 Bxc3 13. Qxc3 Qxd5 14. Rg1
Nce5 15. Be2 Nf3+ 16. Bxf3 Qxf3 17. Rg3 Qh1+ 18. Bg1 Qe4+ 19. Kf1 Rac8 20. Qd3
Qf4+ 21. Kg2 Rfd8 22. Qe2 Nf6 23. c3 Nh5 24. Rf1 Nxg3 25. hxg3 Qg5 26. Qf3 Qd5
27. Bxa7 Qxf3+ 28. Rxf3 Rd5 29. Be3 f5 30. Rf2 Kf7 31. Rd2 Rxd2+ 32. Nxd2 e5
33. a4 Ke6 34. a5 Rf8 35. Kf3 f4 36. gxf4 exf4 37. Bb6 Rf5 38. Nb3 g5 39. Nc5+
Kd5 40. Nxb7 h5 41. b3 g4+ 42. Kg2 h4 43. c4+ Kc6 44. Nd8+ Kd7 45. a6 f3+ 46.
Kg1 g3 47. a7 Re5 48. Kf1 Re2 49. Ba5 g2+ 50. Kg1 h3 51. Bb6 Re1+ 52. Kh2 Rh1+
53. Kg3 g1=Q+ 54. Bxg1 Rxg1+ 0-1

[Event "XXVII C.to Italiano a squadre A2"]
[Site "ITA"]
[Date "1995.??.??"]
[Round "?"]
[White "Fiore, Mario"]
[Black "Sacchini, Marco"]
[Result "1-0"]
[WhiteElo "2340"]
[BlackElo "2047"]
[PlyCount "79"]
[EventDate "1995.??.??"]

1. e4 c5 2. Nf3 Nc6 3. d4 cxd4 4. Nxd4 Qb6 5. Nb3 Nf6 6. Nc3 e6 7. Bd3 Be7 8.
Be3 Qc7 9. f4 d6 10. Qf3 a6 11. O-O-O Bd7 12. g4 h6 13. h3 Rc8 14. Kb1 b5 15.
Ne2 Nb4 16. Rc1 Bc6 17. a3 d5 18. Ng3 Nxd3 19. cxd3 O-O 20. e5 Nd7 21. Nd4 Qb7
22. Nxc6 Rxc6 23. Rxc6 Qxc6 24. Rc1 Qb7 25. Bd4 b4 26. axb4 Bxb4 27. f5 Nb6 28.
f6 g5 29. h4 Na4 30. Qe2 Rb8 31. hxg5 Ba3 32. Qf2 Qb5 33. Qd2 Bb4 34. Qe2 Ba3
35. gxh6 Qb4 36. h7+ Kh8 37. Qf2 Qb5 38. Qd2 Bb4 39. Qg5 Rg8 40. Qxg8# 1-0

[Event "XXVII C.to Italiano a squadre A2"]
[Site "ITA"]
[Date "1995.??.??"]
[Round "?"]
[White "Gaggiottini, Manfredo"]
[Black "Beggi, Pierluigi"]
[Result "1/2-1/2"]
[WhiteElo "2095"]
[BlackElo "2220"]
[PlyCount "37"]
[EventDate "1995.??.??"]

1. e4 c5 2. Nf3 d6 3. d4 cxd4 4. Nxd4 Nf6 5. Nc3 Nbd7 6. g4 h6 7. Be3 h5 8. g5
Ng4 9. g6 fxg6 10. Ne6 Nxe3 11. fxe3 Qa5 12. Bb5 a6 13. O-O axb5 14. b4 Qa7 15.
Nc7+ Kd8 16. Ne6+ Ke8 17. Nc7+ Kd8 18. Ne6+ Ke8 19. Nc7+ 1/2-1/2

[Event "XXVII C.to Italiano a squadre A2"]
[Site "ITA"]
[Date "1995.??.??"]
[Round "?"]
[White "Gaggiottini, Manfredo"]
[Black "Di Segni, Raffaele"]
[Result "1-0"]
[WhiteElo "2095"]
[BlackElo "2049"]
[PlyCount "67"]
[EventDate "1995.??.??"]

1. e4 g6 2. d4 Bg7 3. Bc4 c6 4. Nc3 d6 5. Nf3 Nf6 6. e5 dxe5 7. Nxe5 O-O 8. O-O
Nbd7 9. Bg5 Nb6 10. Bb3 Nfd5 11. Ng4 Be6 12. Nh6+ Kh8 13. Ne4 Nc7 14. c3 Bxb3
15. Qxb3 Ne6 16. Nxf7+ Rxf7 17. Qxe6 Qf8 18. Rae1 Nd5 19. f4 h6 20. Qxg6 Nxf4
21. Bxf4 Rxf4 22. g3 Rf3 23. Ng5 Rxf1+ 24. Rxf1 Qxf1+ 25. Kxf1 hxg5 26. Qh5+
Kg8 27. Qxg5 Rf8+ 28. Kg2 Rf6 29. Qc5 Re6 30. Kf2 b6 31. Qa3 c5 32. dxc5 Bh6
33. Qb3 Kf7 34. c6 1-0

[Event "XXVII C.to Italiano a squadre A2"]
[Site "ITA"]
[Date "1995.??.??"]
[Round "?"]
[White "Gaggiottini, Manfredo"]
[Black "Pieri, Filippo"]
[Result "0-1"]
[WhiteElo "2095"]
[BlackElo "2230"]
[PlyCount "42"]
[EventDate "1995.??.??"]

1. e4 c5 2. Nf3 d6 3. d4 cxd4 4. Nxd4 Nf6 5. Nc3 g6 6. f4 Bg7 7. e5 Nh5 8. g4
Nxf4 9. Bxf4 dxe5 10. Bb5+ Bd7 11. Be3 exd4 12. Bxd4 e5 13. Bc5 Nc6 14. O-O Qh4
15. Qxd7+ Kxd7 16. Rxf7+ Kc8 17. Rd1 Bf6 18. Rd6 Be7 19. Nd5 Bxd6 20. Bxd6
Qxg4+ 21. Kf2 Qd4+ 0-1

[Event "XXVII C.to Italiano a squadre A2"]
[Site "ITA"]
[Date "1995.??.??"]
[Round "?"]
[White "Genovese, Maurizio"]
[Black "D'Angelo, Angelo"]
[Result "1/2-1/2"]
[WhiteElo "2255"]
[BlackElo "2255"]
[PlyCount "113"]
[EventDate "1995.??.??"]

1. d4 Nf6 2. c4 g6 3. Nc3 Bg7 4. e4 O-O 5. f4 d6 6. Nf3 c5 7. d5 e6 8. dxe6
fxe6 9. Bd3 Nc6 10. O-O e5 11. f5 gxf5 12. exf5 Nd4 13. Ng5 h6 14. Nge4 Nxe4
15. Bxe4 Bxf5 16. Bxf5 Rxf5 17. Rxf5 Nxf5 18. Qg4 Qc8 19. Qg6 Qf8 20. Nd5 Kh8
21. Bd2 Nd4 22. Ne3 Qf6 23. Qh5 Qg5 24. Qxg5 hxg5 25. Ng4 Ne6 26. Rf1 Rf8 27.
Rxf8+ Bxf8 28. Kf2 Kg7 29. Ke3 Kg6 30. Ke4 Be7 31. g3 Nc7 32. Ne3 Kf6 33. Nf5
Bf8 34. Ne3 Be7 35. h3 Ke6 36. Nf5 Bf8 37. Ne3 Be7 38. Be1 Bf6 39. Nd5 Bd8 40.
Nxc7+ Bxc7 41. h4 gxh4 42. gxh4 Bd8 43. h5 Bg5 44. a4 Bc1 45. b3 Bg5 46. Bf2
Bh6 47. Bh4 Bd2 48. Bd8 Bh6 49. Bh4 Bd2 50. Bf2 Bh6 51. Be1 Bg5 52. b4 cxb4 53.
Bxb4 a6 54. Be1 Bh6 55. Bf2 Bg5 56. a5 Bd2 57. Bb6 1/2-1/2

[Event "XXVII C.to Italiano a squadre A2"]
[Site "ITA"]
[Date "1995.??.??"]
[Round "?"]
[White "Genovese, Maurizio"]
[Black "Laketic, Gojko"]
[Result "0-1"]
[WhiteElo "2255"]
[BlackElo "2390"]
[PlyCount "60"]
[EventDate "1995.??.??"]

1. d4 e6 2. c4 f5 3. g3 Nf6 4. Bg2 Bb4+ 5. Nd2 O-O 6. Nh3 d6 7. a3 Bxd2+ 8.
Qxd2 Qe8 9. b4 Nbd7 10. Nf4 Nb6 11. Qc2 e5 12. dxe5 dxe5 13. Nd3 e4 14. Nf4 Be6
15. c5 Nbd5 16. O-O Rd8 17. f3 e3 18. Nxe6 Qxe6 19. f4 Rfe8 20. h3 Qd7 21. Rd1
Ne4 22. Bxe4 Rxe4 23. Bb2 Qe6 24. c6 bxc6 25. Rac1 Rd6 26. Qc5 Qg6 27. Kh2 Qh5
28. Rg1 Rh6 29. h4 Rxf4 30. Rc4 Qxe2+ 0-1

[Event "XXVII C.to Italiano a squadre A2"]
[Site "ITA"]
[Date "1995.??.??"]
[Round "?"]
[White "Gorelli Fagiolini, Marco"]
[Black "Ciancarini, Paolo"]
[Result "1-0"]
[WhiteElo "2008"]
[BlackElo "1977"]
[PlyCount "83"]
[EventDate "1995.??.??"]

1. d4 Nf6 2. c4 e6 3. Nc3 Bb4 4. Qc2 d5 5. a3 Bxc3+ 6. Qxc3 b6 7. Bg5 O-O 8. e3
Ba6 9. Nf3 Nbd7 10. Be2 h6 11. Bh4 c5 12. dxc5 bxc5 13. O-O Ne4 14. Qc2 Qc7 15.
cxd5 Bxe2 16. d6 Nxd6 17. Qxe2 Nf5 18. Bg3 Nxg3 19. hxg3 Rab8 20. Rac1 Qb6 21.
Rc2 Rfc8 22. Rfc1 Qb7 23. Qc4 Rd8 24. Qf4 Nf6 25. Ne5 Rd5 26. Nc4 Rbd8 27. Qf3
h5 28. Qe2 Qd7 29. f3 Qc7 30. e4 Rg5 31. e5 Nd7 32. Rd2 Rb8 33. f4 Rg4 34. Kh2
Rb3 35. Rcd1 Nf8 36. Rd3 Rb8 37. R1d2 Ng6 38. Ne3 Rxf4 39. gxf4 Nxf4 40. Qf1
Qxe5 41. Nc4 Qc7 42. Rd7 1-0

[Event "XXVII C.to Italiano a squadre A2"]
[Site "ITA"]
[Date "1995.??.??"]
[Round "?"]
[White "Gueci, Riccardo"]
[Black "Blasco, Domenico"]
[Result "1/2-1/2"]
[WhiteElo "2175"]
[BlackElo "2100"]
[PlyCount "79"]
[EventDate "1995.??.??"]

1. e4 Nf6 2. d3 e5 3. Nf3 Nc6 4. Be2 Be7 5. O-O O-O 6. c3 a5 7. a4 d5 8. Qc2
Bg4 9. Bg5 Kh8 10. Re1 Ng8 11. Bxe7 Ngxe7 12. Nbd2 Ng6 13. g3 f5 14. Rad1 f4
15. Qb3 fxg3 16. hxg3 dxe4 17. dxe4 Qf6 18. Kg2 Rad8 19. Rh1 h6 20. Qc4 Rxd2
21. Rxd2 Bxf3+ 22. Bxf3 Qxf3+ 23. Kg1 Nf4 24. Rh2 Nh5 25. Qd3 Qxd3 26. Rxd3 Nf6
27. f3 Kg8 28. Rhd2 Kf7 29. Kf2 Ke7 30. Ke3 Rd8 31. Rxd8 Nxd8 32. f4 Ne6 33. b4
axb4 34. cxb4 Nd7 35. a5 exf4+ 36. gxf4 Nb8 37. f5 Ng5 38. b5 c6 39. Rb2 cxb5
40. Rxb5 1/2-1/2

[Event "XXVII C.to Italiano a squadre A2"]
[Site "ITA"]
[Date "1995.??.??"]
[Round "?"]
[White "Hugony, Fabrizio"]
[Black "Salvetti, Alec"]
[Result "1-0"]
[WhiteElo "2270"]
[BlackElo "2295"]
[PlyCount "69"]
[EventDate "1995.??.??"]

1. e4 c5 2. Nf3 Nc6 3. d4 cxd4 4. Nxd4 Nf6 5. Nc3 d6 6. f4 e6 7. Be3 Bd7 8. Qf3
Be7 9. Bd3 O-O 10. Nb3 e5 11. f5 Nb4 12. O-O-O b5 13. g4 Nxd3+ 14. cxd3 b4 15.
Ne2 Ne8 16. h4 Ba4 17. g5 Bxb3 18. axb3 f6 19. Qh5 d5 20. g6 h6 21. Kb1 Bd6 22.
Ng3 Qd7 23. exd5 Nc7 24. Ne4 Nxd5 25. Bxh6 gxh6 26. Qxh6 Qg7 27. Qxg7+ Kxg7 28.
Nxd6 Rh8 29. h5 Nf4 30. Rc1 Rxh5 31. Rc7+ Kg8 32. Rxh5 Nxh5 33. Rh7 Ng7 34. Nf7
Ne8 35. Nh6+ 1-0

[Event "XXVII C.to Italiano a squadre A2"]
[Site "ITA"]
[Date "1995.??.??"]
[Round "?"]
[White "Hugony, Fabrizio"]
[Black "Sarno, Spartaco"]
[Result "1/2-1/2"]
[WhiteElo "2270"]
[BlackElo "2410"]
[PlyCount "21"]
[EventDate "1995.??.??"]

1. e4 c5 2. Nf3 e6 3. d4 cxd4 4. Nxd4 Nf6 5. Nc3 d6 6. Be2 Be7 7. O-O O-O 8.
Be3 Nc6 9. f4 a6 10. Kh1 Qc7 11. Qe1 1/2-1/2